Fare filosofia al computer: ipertesti e altri possibili standards (Record no. 774711)
[ view plain ]
| 000 -CABECERA | |
|---|---|
| Campo de control de longitud fija | 00591naa a2200145Ia 4500 |
| 003 - IDENTIFICADOR DEL NÚMERO DE CONTROL | |
| Campo de control | ES-SlBCS |
| 005 - FECHA Y HORA DE LA ÚLTIMA TRANSACCIÓN | |
| Campo de control | 20210601152419.0 |
| 008 - CÓDIGOS DE INFORMACIÓN DE LONGITUD FIJA | |
| Campo de control de longitud fija | 140519s1996 xxu||||| |||| 00| 0 ita d |
| 041 ## - CÓDIGO DE LENGUA | |
| Código de lengua del texto/banda sonora o título independiente | ita |
| 100 1# - PUNTO DE ACCESO PRINCIPAL-NOMBRE DE PERSONA | |
| Nombre de persona | Rossetti, Livio |
| 9 (RLIN) | 67002 |
| 245 00 - MENCIÓN DE TÍTULO | |
| Título | Fare filosofia al computer: ipertesti e altri possibili standards |
| Mención de responsabilidad, etc. | Livio Rossetti |
| 650 #4 - PUNTO DE ACCESO ADICIONAL DE MATERIA-TÉRMINO DE MATERIA | |
| Término de materia o nombre geográfico como elemento inicial | Informática |
| 9 (RLIN) | 32344 |
| 773 0# - ENLACE AL DOCUMENTO FUENTE | |
| Título | Filosofia e Informatica : Atti del primo incontro italiano sulle applicazioni informatiche e multimediali nelle discipline filosofiche / Luciano Floridi |
| Lugar, editor y fecha de publicación | Torino : Paravia, 1996 |
| Parte(s) relacionada(s) | , págs. 48-56 |
| Número de control del registro relacionado | VA45235 |
| 942 ## - ENTRADA DE ELEMENTOS AGREGADOS (KOHA) | |
| Koha [por defecto] tipo de item | Artículo de colaboración |
| Suprimido | Perdido | Estropeado | No para préstamo | Localización permanente | Localización actual | Localización en estantería | Fecha adquisición | Préstamos totales | Signatura completa | Fecha última consulta | Fecha del precio de reemplazo | Tipo de item de Koha |
|---|---|---|---|---|---|---|---|---|---|---|---|---|
| San Esteban | San Esteban | Depósito de libros | 11/07/2014 | 22/A4 | 11/07/2014 | 11/07/2014 | Artículo de colaboración |
